000
00285nam a2200121Ia 4500
008
190216s9999||||xx |||||||||||||| ||und||
100
_a
Vinod Chadur Panday
245
0
_a
Hindi-Malik Muhamed Jaysi
260
_b
Publications Division
300
_a
278
650
_a
Hindi
942
_c
BK
999
_c
15849
_d
15849